Тезисы XVIII научно-теоретической конференции профессорско-преподавательского состава института, посвященной 150-летию со дня рождения К. Маркса, 100-летию со дня рождения В.И. Ленина и 50-летию ВЛКСМ (Запись № 6547340)

Подробности
000 -МАРКЕР
контрольное поле 01873nam0a22002891 4500
001 - ИДЕНТИФИКАТОР ЗАПИСИ
контрольное поле rc\3256811
005 - ИДЕНТИФИКАТОР ВЕРСИИ
контрольное поле 20260406160924.0
021 ## - НОМЕР ГОСУДАРСТВЕННОЙ РЕГИСТРАЦИИ
Код страны Российская Федерация
Номер [70-23681]
035 ## - ДРУГИЕ СИСТЕМНЫЕ НОМЕРА
Идентификатор записи (NLR Aleph) 007384811
100 ## - ДАННЫЕ ОБЩЕЙ ОБРАБОТКИ
Данные общей обработки 20130115d1969 |||y0rusy50 ca
101 0# - ЯЗЫК РЕСУРСА
Язык текста, звукозаписи и т.д. русский
102 ## - СТРАНА ПУБЛИКАЦИИ ИЛИ ПРОИЗВОДСТВА
Страна публикации Российская Федерация
105 ## - ПОЛЕ КОДИРОВАННЫХ ДАННЫХ: ТЕКСТОВЫЕ МАТЕРИАЛЫ, МОНОГРАФИЧЕСКИЕ
Кодированные данные о монографическом текстовом документе a z |||||
200 1# - ЗАГЛАВИЕ И СВЕДЕНИЯ ОБ ОТВЕТСТВЕННОСТИ
Основное заглавие Тезисы XVIII научно-теоретической конференции профессорско-преподавательского состава института, посвященной 150-летию со дня рождения К. Маркса, 100-летию со дня рождения В.И. Ленина и 50-летию ВЛКСМ
Первые сведения об ответственности М-во высш. и сред. спец. образования УзССР. Ферган. гос. пед. ин-т им. Улугбека
210 ## - ПУБЛИКАЦИЯ, РАСПРОСТРАНЕНИЕ И ДР.
Место издания, распространения и т.д. Фергана
Имя издателя, распространителя и т. д. Б. и.
Дата издания, распространения и т.д. 1969
215 ## - ФИЗИЧЕСКАЯ ХАРАКТЕРИСТИКА
Специфическое обозначение материала и объем 295 с.
Другие сведения о физической характеристике ил.
Размеры 21
532 11 - РАСШИРЕННОЕ ЗАГЛАВИЕ
Заглавие Тезисы Восемнадцатой научно-теоретической конференции профессорско-преподавательского состава института, посвященной 150-летию со дня рождения К. Маркса, 100-летию со дня рождения В.И. Ленина и 50-летию ВЛКСМ
702 #1 - ИМЯ ЛИЦА - ВТОРИЧНАЯ ОТВЕТСТВЕННОСТЬ
Начальный элемент ввода Маркс
Часть имени, кроме начального элемента ввода К.
Даты 1818-1883
Расширение инициалов личного имени Карл
Код отношения Объект посвящения
702 #1 - ИМЯ ЛИЦА - ВТОРИЧНАЯ ОТВЕТСТВЕННОСТЬ
Начальный элемент ввода Ленин
Часть имени, кроме начального элемента ввода В.И.
Даты 1870-1924
Расширение инициалов личного имени Владимир Ильич
Код отношения Объект посвящения
710 02 - НАИМЕНОВАНИЕ ОРГАНИЗАЦИИ - ПЕРВИЧНАЯ ОТВЕТСТВЕННОСТЬ
Начальный элемент ввода Ферганский педагогический институт им. Улугбека
Структурное подразделение Научно-теоретическая конференция профессорско-преподавательского состава
Порядковый номер временной организации и / или порядковый номер ее части 18
Дата проведения временной организации 1969
Идентификатор авторитетной/нормативной записи RU\NLR\AUTH\889932279
Системный номер авторитетной/нормативной записи 359879
801 #0 - ИСТОЧНИК ЗАПИСИ
Страна Российская Федерация
Организация NLR
Правила каталогизации psbo
801 #1 - ИСТОЧНИК ЗАПИСИ
Страна Российская Федерация
Организация ELAR
Источник данных rusmarc
852 ## - МЕСТОНАХОЖДЕНИЕ И ШИФР ХРАНЕНИЯ
Идентификатор организации NLR
Шифр хранения (Call Number) 70-3/1100
942 ## - ДОПОЛНИТЕЛЬНЫЕ ЭЛЕМЕНТЫ ЗАПИСИ (АБИС)
Тип экземпляра АБИС Книга
980 ## - КОЛЛЕКЦИЯ
Название коллекции Национальная библиография
Экземпляры
Тип экземпляра Дата поступления Библиотека постоянного хранения Библиотека текущего хранения Место хранения Шифр хранения Штрих-код Статус экземпляра
Книга 26.10.2013 РНБ (Московский) РНБ (Московский) Русский книжный фонд: издания с 1957 года 70-3/1100 7384811-10